| 000 | 00923nam a22002657a 4500 | ||
|---|---|---|---|
| 001 | 4832 | ||
| 003 | FISKH | ||
| 005 | 20241017112706.0 | ||
| 008 | 241017b cb ||||| |||| 00| 0 eng d | ||
| 020 | _a9780618439096 | ||
| 040 |
_aFISKH _beng _cFISKH _dFISKH |
||
| 050 | _aPZ7.L96775 | ||
| 082 | _a813 | ||
| 100 | _aLubar, David | ||
| 245 |
_aDunk / _cby David Lubar |
||
| 260 |
_aBoston : _bAn impritnt of Houghton Mifflin Company ; _c2002 . |
||
| 300 |
_a260 pages : _billustrations ; _c18 cm . |
||
| 505 | _aK | ||
| 520 | _aWhile hoping to work as the clown in an amusement park dunk tank on the New Jersey shore the summer before his junior year in high school, Chad faces his best friend's serious illness, hassles with police, and the girl that got away. | ||
| 521 | 8 |
_a520
_bLexile |
|
| 521 | 8 |
_aK
_bRaz-Plus |
|
| 650 |
_aAmusement parks _vfiction |
||
| 942 |
_2ddc _cBK _n0 |
||
| 999 |
_c4832 _d4832 |
||